<?xml version="1.0" encoding="UTF-8"?>
<collection xmlns="http://www.loc.gov/MARC21/slim">
  <record>
    <leader>00000nam  2200000   4500</leader>
    <controlfield tag="001">INLIS000000000018460</controlfield>
    <controlfield tag="005">20241118102019</controlfield>
    <datafield tag="035" ind1="#" ind2="#">
      <subfield code="a">0010-1124000126</subfield>
    </datafield>
    <controlfield tag="007">ta</controlfield>
    <controlfield tag="008">241118###########################0######</controlfield>
    <datafield tag="245" ind1="#" ind2="#">
      <subfield code="a">Oprasi Pandai Gesit :</subfield>
      <subfield code="b">Optimalisasi Praktikum Lapangan di Lingkup Jurusan Ilmu Lingkungan melalui Penyusunan Panduan Praktikum Lapangan Berbasis Digital /</subfield>
      <subfield code="c">Agusrinal, S.Si., M.Si</subfield>
    </datafield>
    <datafield tag="260" ind1="#" ind2="#">
      <subfield code="a">Makassar :</subfield>
      <subfield code="b">Puslatbang KMP LAN RI,</subfield>
      <subfield code="c">2024</subfield>
    </datafield>
    <datafield tag="300" ind1="#" ind2="#">
      <subfield code="a">29 ;</subfield>
      <subfield code="c">30</subfield>
    </datafield>
    <datafield tag="650" ind1="#" ind2="4">
      <subfield code="a">Lebih menguasai keterampilan lapangan yang relevan dengan teori</subfield>
    </datafield>
    <datafield tag="700" ind1=" " ind2="#">
      <subfield code="a">Prof. Dr. Ir. La Baco S., M.Si (Mentor)</subfield>
    </datafield>
    <datafield tag="700" ind1=" " ind2="#">
      <subfield code="a">Asriani Rasyid, S.E., M.Si (Coach)</subfield>
    </datafield>
    <datafield tag="520" ind1="#" ind2="#">
      <subfield code="a">Saat ini, Jurusan Ilmu Lingkungan FHIL UHO belum memiliki dokumen Panduan Praktikum Lapangan sehingga pelaksanaan praktikum lapangan belum optimal Oleh karena itu, melalui kegiatan Aktualisasi Latsar CPNS Angkatan IV tahun 2024, saya berinisiatif untuk melakukan kegiatan aktualisasi dengan judul Optimalisasi Praktikum Lapangan Lingkup Jurusan Ilmu Lingkungan Melalui Penyusunan panduan Praktikum Lapangan Berbasis Digital atau bisa diakronimkan dengan "OPRASI PANDAIGESIT Dengan adanya panduan ini, diharapkan mahasiswa Jurusan Ilmu Lingkungan bisa lebih menguasai keterampilan-keterampilan lapangan yang relevan dengan teori yang mereka peljari di dalam kelas</subfield>
    </datafield>
    <datafield tag="856" ind1="#" ind2="#">
      <subfield code="a">Puslatbang KMP LAN</subfield>
    </datafield>
  </record>
</collection>
